Datum a čas kvízu
21
Celkem bodů
Celkový počet nahraných bodů na tomto kvízu bez doplňovacích otázek.
7.
Pořadí na kvízu
Konečné umístění týmu na tomto kvízu.
Zaznamenané odpovědi
| # | Otázka | Odpověď | Body | Výsledky |
|---|---|---|---|---|
| 1. | Muž jménem Martin Vondrášek se... | policejní prezident | 1 | |
| 2. | Ve které evropské zemi začaly... | v Maďarsku, též Srbsku | 1 | |
| 3. | Na tradičním slavnostním cerem... | V rytmu srdce, Chris Rock | 1 | |
| 4. | Česká národní banka vydala min... | Karel Engliš | 0 | |
| 5. | Jak se jmenuje nová světová je... | Iga Świąteková | 1 | |
| 6. | Operace Iceberg (česky Ledovec... | na ostrově Okinawa | 0 | |
| 7. | Desková hra Krycí jména vydaná... | Mindok | 0 | |
| 8. | Od 29. prosince 1941 do 18. če... | Jan Kubiš a Jozef Gabčík | 0.5 | |
| 9. | Vzpomenete si na název životop... | Krycí jméno Donnie Brasco (originální název Donnie Brasco) | 0 | |
| 10. | Richard Bachman je pseudonym z... | Stephen King | 0 |